000 00483nam a2200157Ia 4500
003 GCL
008 140319s9999 xx 000 0 ara d
040 _aGCL /
_cGCL
082 0 4 _aم
_b953
_bج ت
100 1 _aجرجى زيدان
245 1 0 _aتاريخ التمدن الاسلامى 3 ج /
_cجرجى زيدان
260 _a[S.N] :
_bمنشورات دار مكتبة الحياه
650 0 4 _aالتاريخ الاسلامى
650 0 4 _aالتاريخ
942 _2ddc
_cREF
999 _c59319
_d59319